| 000 | 00778nab a2200253 4500 | ||
|---|---|---|---|
| 003 | BR-BrBNA | ||
| 005 | 20260223134538.0 | ||
| 008 | 260223b bl.||||| |||| 00| 0 por d | ||
| 040 |
_aBR-BrBNA _bpor |
||
| 072 | _aJ10 ; E13 ; E16 | ||
| 100 | _aSantos, Bruno | ||
| 245 |
_aRios de oportunidades _bAgronegócios |
||
| 500 | _a5 illus. | ||
| 650 | _aAGRONEGÓCIO | ||
| 650 | _aLOGÍSTICA | ||
| 650 | _aHIDROVIA | ||
| 650 | _aTRANSPORTE FLUVIAL | ||
| 650 | _aCUSTO | ||
| 650 | _aPREJUÍZO | ||
| 650 | _aINVESTIMENTO | ||
| 773 | 0 |
_01706 _9348139 _dSão Paulo-SP Editora Três Ltda - E-mail: luizfsa@revistadinheiro.com.br 2004 _o2025-0630 _tDinheiro Rural (Brazil) _x1807-3700 _gv. 9(117) p. 80-84; (Aug 2014) _wBR2025005971 |
|
| 942 | _cANA | ||
| 999 |
_c340131 _d340131 |
||